banner-ar

الماء : (Record no. 63295)

MARC details
000 -الفاتح
حقل البيانات ثابتة الطول 01158nam a22002777a 4500
005 - وقت وتاريخ اخر تعامل مع التسجيلة
رقم الضبط 20240530110633.0
008 - عناصر البيانات ثابتة الطول - معلومات عامة
حقل البيانات ثابتة الطول 170912s2014 ua g b 000 0dara d
017 ## - رقم الايداع القانونى
رقم الايداع القانونى 2012/22233
المصدر ( الهيئة المختصة) مصر . دار الكتب المصرية
020 ## - الرقم الدولى المعيارى للكتب
الرقم الدولى المعيارى للكتاب 9789777181549
040 ## - مصدر الفهرسة
وكالة الفهرسة الأصلية EG-CaGPL
082 04 - رقم تصنيف ديوى العشرى
رقم الطبعة 21
رقم التصنيف 551.46\
رقم المادة ك م
100 1# - المدخل الرئيسى - إسم شخصى
الإسم الشخصى كالديكوت ، جوليان .
245 12 - بيان العنوان
العنوان الماء :
بقية العنوان ازمة عالمية : الاسباب و التكاليف و المستقبل /
بيان المسئوليه,etc تاليف جوليان كالديكوت ؛ ترجمة منير شريف ؛ مراجعة عادل ابوالمجد .
250 ## - بيان الطبعة
بيان الطبعة ط.1
260 ## - PUBLICATION, DISTRIBUTION, ETC. (IMPRINT)
تاريخ النشر أو التوزيع 2014 .
300 ## - الوصف المادى
التعداد 450 ص ؛
أبعاد الوعاء 24 سم .
490 0# - بيان السلسلة
عنوان السلسلة المركز القومى للترجمة ؛
رقم المجلد/ التعيين التسلسلي 2001
504 ## - تبصرة ببليوجرافية
تبصرة ببليوجرافية,الخ يشتمل على ارجاعات ببليوجرافية
650 07 - المدخل الاضافى بالموضوع-مصطلح موضوعى
مصطلح موضوعي المياه .
650 07 - المدخل الاضافى بالموضوع-مصطلح موضوعى
مصطلح موضوعي المياه الجوفية .
650 07 - المدخل الاضافى بالموضوع-مصطلح موضوعى
مصطلح موضوعي المياه الاقليمية .
650 07 - المدخل الاضافى بالموضوع-مصطلح موضوعى
مصطلح موضوعي المياه
التقسيم الفرعي العام صراعات .
700 0# - المدخل الاضافى - اسم شخصى
الإسم الشخصى منير شريف
الدور مترجم .
700 0# - المدخل الاضافى - اسم شخصى
الإسم الشخصى عادل ابوالمجد
الدور مراجع
942 ## - عناصر المدخل الإضافي( كوها)
مصدر التصنيف او مخطط الترفيف Dewey Decimal Classification
Koha [default] item type كتاب
260 ## - PUBLICATION, DISTRIBUTION, ETC. (IMPRINT)
-- القاهرة :
-- المركز القومى للترجمة ،
Holdings
حالة التراجع حالة الفقد حالة تلف ليس للاعارة المكان المؤقت الموقع الحالى موقع الترفيف تاريخ الاكتساب اجمالي اﻻعارات رقم الطلب الباركود تاريخ اخر مشاهدة تاريخ تفعيل السعر نوع وعاء كوها
        مكتبة القاهرة الكبرى مكتبة القاهرة الكبرى القاعة الرئيسية 09/12/2017   551.46\ ك م 163278 09/12/2017 09/12/2017 كتاب

Powered By

EGPV